[Event "Schleswig Holstein-ch H 63rd"]
[Site "Gross Groenau"]
[Date "2008.03.19"]
[Round "7"]
[White "Rickers, Bernhard"]
[Black "Godbersen, Momme"]
[Result "1/2-1/2"]
[WhiteElo "1449"]
[BlackElo "1369"]
[PlyCount "55"]
[EventDate "2008.03.15"]
[EventType "swiss"]
[EventRounds "9"]
[EventCountry "GER"]
[SourceTitle "EXT 2010"]
[Source "ChessBase"]
[SourceDate "2010.11.25"]
[SourceVersion "1"]
[SourceVersionDate "2010.11.25"]
[SourceQuality "1"]

1. e4 c6 2. Nc3 d5 3. exd5 cxd5 4. d4 Bf5 5. Bd3 Qd7 6. Nge2 Nc6 7. Bxf5 Qxf5 8. 0-0 Nf6 9. Nb5 Rc8 10. c3 a6 11. Na3 Qd7 12. Nc2 e6 13. Ng3 Be7 14. Nh5 0-0 15. Bg5 Nxh5 16. Bxe7 Nxe7 17. Qxh5 Qb5 18. Rab1 Qa4 19. Na3 b5 20. Qd1 Qa5 21. Nc2 Nc6 22. a3 Qc7 23. Nb4 Qb7 24. Nd3 Nd8 25. Nc5 Qc6 26. Qe2 Nb7 27. Nxb7 Qxb7 28. Rfc1 1/2-1/2